[Event "Titled Tuesday intern op 16th Apr Early"]
[Site "Chess.com INT"]
[Date "2024.04.16"]
[Round "1"]
[White "Ibadov, Dashgyn"]
[Black "Mende, Andreas"]
[Result "1-0"]
[WhiteElo "2376"]
[BlackElo "2101"]
[PlyCount "75"]
[EventDate "2024.04.16"]
[EventType "swiss (blitz)"]
[EventRounds "11"]
[EventCountry "USA"]
[SourceTitle "CB17_2024"]
[SourceDate "2024.04.24"]
[SourceVersion "1"]
[SourceVersionDate "2024.04.24"]
[SourceQuality "1"]

1. e4 c5 2. Nf3 Nc6 3. d4 cxd4 4. Nxd4 Nf6 5. Nc3 e5 6. Ndb5 d6 7. Bg5 a6 8. Na3 b5 9. Nd5 Be7 10. Bxf6 Bxf6 11. c4 b4 12. Nc2 a5 13. g3 Bg5 14. Bg2 0-0 15. 0-0 Be6 16. Qd3 Nb8 17. Rad1 Nd7 18. f4 exf4 19. gxf4 Bh6 20. Kh1 Ra6 21. Nd4 Nc5 22. Qg3 Bxd5 23. cxd5 Re8 24. e5 dxe5 25. fxe5 Rg6 26. Nc6 Qb6 27. Qf3 f6 28. e6 Nb7 29. d6 Rxe6 30. d7 Nd8 31. Nxd8 Qxd8 32. Qd5 Kf7 33. Rde1 f5 34. Rxf5+ Ke7 35. Qc5+ Kxd7 36. Rd1+ Rd6 37. Qa7+ Ke6 38. Qf7# 1-0

[Event "Titled Tuesday intern op 02nd Apr Early"]
[Site "Chess.com INT"]
[Date "2024.04.02"]
[Round "1"]
[White "Barbot, Pierre"]
[Black "Ibadov, Dashgyn"]
[Result "0-1"]
[WhiteElo "2425"]
[BlackElo "2376"]
[PlyCount "62"]
[EventDate "2024.04.02"]
[EventType "swiss (blitz)"]
[EventRounds "11"]
[EventCountry "USA"]
[SourceTitle "CB15_2024"]
[SourceDate "2024.04.10"]
[SourceVersion "1"]
[SourceVersionDate "2024.04.10"]
[SourceQuality "1"]

1. d4 d5 2. c4 e6 3. Nf3 c6 4. g3 Nf6 5. Bg2 Be7 6. 0-0 0-0 7. Qc2 b6 8. Rd1 Bb7 9. Nc3 dxc4 10. e4 h6 11. e5 Nd5 12. Ne4 b5 13. b3 cxb3 14. axb3 Nd7 15. Nc5 Nxc5 16. dxc5 a5 17. Nd2 Qc7 18. Bb2 a4 19. bxa4 Rxa4 20. Rxa4 bxa4 21. Ne4 Ra8 22. Nd6 a3 23. Ba1 Ba6 24. Be4 Bb5 25. Rb1 Qa5 26. Rc1 a2 27. Qd1 Qa3 28. Bxd5 exd5 29. Rc3 Qb4 30. Qf3 Qb1+ 31. Kg2 Qf1# 0-1

[Event "Titled Tuesday intern op 02nd Apr Early"]
[Site "Chess.com INT"]
[Date "2024.04.02"]
[Round "3"]
[White "Hnatyshyn, Anastasiya"]
[Black "Ibadov, Dashgyn"]
[Result "1-0"]
[WhiteElo "2160"]
[BlackElo "2376"]
[PlyCount "97"]
[EventDate "2024.04.02"]
[EventType "swiss (blitz)"]
[EventRounds "11"]
[EventCountry "USA"]
[SourceTitle "CB15_2024"]
[SourceDate "2024.04.10"]
[SourceVersion "1"]
[SourceVersionDate "2024.04.10"]
[SourceQuality "1"]

1. Nc3 e5 2. Nf3 Nc6 3. d4 exd4 4. Nxd4 Bc5 5. Be3 Bb6 6. g3 Nge7 7. Bg2 0-0 8. 0-0 Nxd4 9. Bxd4 Nc6 10. Bxb6 axb6 11. a3 d6 12. Qd3 Bg4 13. f4 Qd7 14. e4 Rad8 15. Rae1 Bh3 16. Nd5 Bxg2 17. Kxg2 Ne7 18. c4 Nxd5 19. cxd5 f5 20. e5 dxe5 21. Rxe5 c6 22. Rd1 cxd5 23. Qxd5+ Qxd5+ 24. Rexd5 Rxd5 25. Rxd5 Rc8 26. Rb5 Rc6 27. Kf3 g6 28. h4 Kf7 29. Ke3 Ke6 30. Re5+ Kd7 31. Rd5+ Kc7 32. Re5 Rc2 33. Re7+ Kc6 34. Rxh7 Rxb2 35. Rg7 Rb3+ 36. Kd4 Rxg3 37. h5 Rg4 38. Rxg6+ Kd7 39. Rxg4 fxg4 40. Ke3 Ke6 41. Kf2 Kf6 42. Kg3 Kf5 43. a4 b5 44. axb5 b6 45. h6 Kg6 46. Kxg4 Kxh6 47. Kf5 Kg7 48. Ke6 Kf8 49. Kf6 1-0

[Event "Titled Tuesday intern op 02nd Apr Early"]
[Site "Chess.com INT"]
[Date "2024.04.02"]
[Round "8"]
[White "Mestnikov, Aisen"]
[Black "Ibadov, Dashgyn"]
[Result "1-0"]
[WhiteElo "2095"]
[BlackElo "2376"]
[PlyCount "83"]
[EventDate "2024.04.02"]
[EventType "swiss (blitz)"]
[EventRounds "11"]
[EventCountry "USA"]
[SourceTitle "CB15_2024"]
[SourceDate "2024.04.10"]
[SourceVersion "1"]
[SourceVersionDate "2024.04.10"]
[SourceQuality "1"]

1. d4 Nf6 2. c4 c5 3. d5 d6 4. Nc3 g6 5. e4 Bg7 6. Nf3 0-0 7. h3 e6 8. Bd3 exd5 9. exd5 Re8+ 10. Be3 Rxe3+ 11. fxe3 Qe7 12. e4 Nh5 13. 0-0 Nd7 14. Qd2 Ne5 15. Nxe5 Bxe5 16. Ne2 Qh4 17. Rf3 Bd7 18. Raf1 Rf8 19. Qe1 Qg5 20. Qf2 Qe7 21. g4 Ng7 22. Kh1 h5 23. gxh5 Nxh5 24. Rg1 Kg7 25. b3 Rh8 26. Kg2 a6 27. Kf1 b5 28. Ke1 bxc4 29. Bxc4 a5 30. a4 Nf6 31. Bd3 Rb8 32. Bc2 c4 33. bxc4 Rb2 34. Kd1 Qe8 35. Nc3 Bxc3 36. Rxc3 Nxe4 37. Qd4+ Nf6 38. Rf3 Bf5 39. Bxf5 Qxa4+ 40. Ke1 Qa1+ 41. Qd1 Qa2 42. Bd3 1-0

[Event "Titled Tuesday intern op 02nd Apr Early"]
[Site "Chess.com INT"]
[Date "2024.04.02"]
[Round "9"]
[White "Trakru, Rohun"]
[Black "Ibadov, Dashgyn"]
[Result "1-0"]
[WhiteElo "1969"]
[BlackElo "2376"]
[PlyCount "51"]
[EventDate "2024.04.02"]
[EventType "swiss (blitz)"]
[EventRounds "11"]
[EventCountry "USA"]
[SourceTitle "CB15_2024"]
[SourceDate "2024.04.10"]
[SourceVersion "1"]
[SourceVersionDate "2024.04.10"]
[SourceQuality "1"]

1. e4 e5 2. Nf3 Nc6 3. Bc4 Bc5 4. c3 Nf6 5. d4 exd4 6. b4 Be7 7. e5 Ne4 8. b5 Na5 9. Bd3 d5 10. cxd4 0-0 11. Nbd2 Bf5 12. Qc2 Nxd2 13. Bxf5 Nxf3+ 14. gxf3 g6 15. Bd3 c6 16. h4 cxb5 17. h5 Rc8 18. Qb1 Kg7 19. hxg6 fxg6 20. Bh6+ Kg8 21. Bxg6 Rxf3 22. Bxh7+ Kh8 23. Bg7+ Kxg7 24. Qg6+ Kh8 25. Bg8+ Bh4 26. Qh7# 1-0

[Event "Moscow Aeroflot op-A"]
[Site "Moscow"]
[Date "2024.03.06"]
[Round "8"]
[White "Ibadov, Dashgyn"]
[Black "Skvortsov, Andrei"]
[Result "1-0"]
[WhiteElo "2360"]
[BlackElo "2295"]
[PlyCount "93"]
[EventDate "2024.03.03"]
[EventType "swiss"]
[EventRounds "9"]
[EventCountry "RUS"]
[SourceTitle "CB11_2024"]
[SourceDate "2024.03.13"]
[SourceVersion "1"]
[SourceVersionDate "2024.03.13"]
[SourceQuality "1"]

1. d4 d5 2. Nf3 e6 3. Bf4 c5 4. e3 Nf6 5. c3 Nc6 6. Nbd2 Nh5 7. Bg5 Nf6 8. Bd3 Bd6 9. 0-0 h6 10. Bh4 Qb6 11. Rb1 Bd7 12. b4 cxb4 13. cxb4 Rc8 14. Bg3 Bxg3 15. hxg3 0-0 16. Qe2 a6 17. a3 Na7 18. Nb3 Nb5 19. Qb2 Nc3 20. Rbc1 Nce4 21. Nc5 Bb5 22. Ne5 Bxd3 23. Nexd3 Qa7 24. a4 b6 25. Nxe4 Nxe4 26. Ne5 Nd6 27. Nc6 Qd7 28. b5 f6 29. Rc2 Kh7 30. Rfc1 a5 31. Qb3 h5 32. Qd3+ g6 33. f3 Rf7 34. e4 Nc4 35. Re2 Qd6 36. exd5 exd5 37. Kf2 Kg7 38. Rce1 Rxc6 39. bxc6 Qxc6 40. Qb3 Qd7 41. Qc2 Qc7 42. Re8 h4 43. gxh4 Qf4 44. Qd3 Nd6 45. g3 Qh6 46. Rd8 Qxh4 47. Kg1 1-0

[Event "Moscow Aeroflot op-A"]
[Site "Moscow"]
[Date "2024.03.05"]
[Round "5"]
[White "Pingin, Artem"]
[Black "Ibadov, Dashgyn"]
[Result "1/2-1/2"]
[WhiteElo "2437"]
[BlackElo "2360"]
[PlyCount "51"]
[EventDate "2024.03.03"]
[EventType "swiss"]
[EventRounds "9"]
[EventCountry "RUS"]
[SourceTitle "CB11_2024"]
[SourceDate "2024.03.13"]
[SourceVersion "1"]
[SourceVersionDate "2024.03.13"]
[SourceQuality "1"]

1. d4 d5 2. c4 c6 3. Nf3 Nf6 4. g3 e6 5. Bg2 Be7 6. 0-0 0-0 7. Nc3 b6 8. Nd2 Ba6 9. b3 b5 10. c5 b4 11. Na4 Bb5 12. a3 a5 13. Nb6 Ra6 14. a4 Rxb6 15. cxb6 Ba6 16. b7 Qb6 17. Bb2 Nbd7 18. Rc1 c5 19. dxc5 Bxc5 20. Nf3 Ne4 21. Nd4 Nc3 22. Rxc3 bxc3 23. Bxc3 Bxb7 24. Qd2 Ra8 25. e3 Bf8 26. Rb1 1/2-1/2

[Event "Titled Tuesday intern op 27th Feb Late"]
[Site "Chess.com INT"]
[Date "2024.02.27"]
[Round "9"]
[White "Bambino Filho, Antonio Carlos"]
[Black "Ibadov, Dashgyn"]
[Result "1-0"]
[WhiteElo "2166"]
[BlackElo "2360"]
[PlyCount "21"]
[EventDate "2024.02.27"]
[EventType "swiss (blitz)"]
[EventRounds "11"]
[EventCountry "USA"]
[SourceTitle "CB10_2024"]
[SourceDate "2024.03.06"]
[SourceVersion "1"]
[SourceVersionDate "2024.03.06"]
[SourceQuality "1"]

1. d4 Nf6 2. c4 c5 3. e3 d6 4. Nc3 Nbd7 5. Nf3 g6 6. Be2 Bg7 7. 0-0 0-0 8. b3 cxd4 9. exd4 d5 10. c5 Nb6 11. cxb6 1-0

[Event "Titled Tuesday intern op 06th Feb Early"]
[Site "Chess.com INT"]
[Date "2024.02.06"]
[Round "8"]
[White "Ibadov, Dashgyn"]
[Black "Norowitz, Yaacov"]
[Result "0-1"]
[WhiteElo "2360"]
[BlackElo "2402"]
[PlyCount "142"]
[EventDate "2024.02.06"]
[EventType "swiss (blitz)"]
[EventRounds "11"]
[EventCountry "USA"]
[SourceTitle "CB07_2024"]
[SourceDate "2024.02.14"]
[SourceVersion "1"]
[SourceVersionDate "2024.02.14"]
[SourceQuality "1"]

1. e4 c6 2. d4 d5 3. exd5 cxd5 4. Bd3 Nf6 5. h3 Nc6 6. c3 Ne4 7. Nf3 Bf5 8. 0-0 e6 9. Bf4 g5 10. Bg3 h5 11. Bxe4 Bxe4 12. Nbd2 Bd3 13. Re1 Be7 14. Ne5 Bf5 15. Nxc6 bxc6 16. Nf3 f6 17. Qa4 Qd7 18. c4 dxc4 19. Qxc4 Qd5 20. Rac1 Be4 21. Qe2 Bf5 22. Rc3 Kf7 23. Rec1 Rhc8 24. b3 h4 25. Bh2 a5 26. Nd2 a4 27. Nc4 Qb5 28. Qf3 Kg6 29. Ne3 axb3 30. axb3 Ba3 31. Rd1 Qd5 32. Nxd5 cxd5 33. Rxc8 Rxc8 34. Qe3 Rc2 35. g4 hxg3 36. Bxg3 Bxh3 37. Kh2 Bf5 38. Ra1 Bb2 39. Ra7 Be4 40. Qe1 Rc1 41. Qxc1 Bxc1 42. b4 Bb2 43. b5 Bxd4 44. Rc7 Bd3 45. Rb7 f5 46. Bc7 Bxf2 47. b6 Be4 48. Rb8 d4 49. b7 Bxb7 50. Rxb7 f4 51. Kg2 Be3 52. Kf3 d3 53. Rb5 d2 54. Rb1 Kf5 55. Ba5 g4+ 56. Ke2 g3 57. Bxd2 Bf2 58. Rb5+ Ke4 59. Rb4+ Kf5 60. Rxf4+ Ke5 61. Kf3 Kd5 62. Rg4 e5 63. Be3 Be1 64. Rg5 Ke6 65. Ke4 Kf6 66. Rf5+ Kg6 67. Rxe5 g2 68. Bg1 Bg3 69. Rd5 Bh2 70. Kf3 Kf7 71. Bxh2 Ke6 0-1

[Event "Titled Tuesday intern op 26th Sep Late"]
[Site "Chess.com INT"]
[Date "2023.09.26"]
[Round "11"]
[White "Ibadov, Dashgyn"]
[Black "Esmeraldas Huachi, Anderson Yahir"]
[Result "1-0"]
[WhiteElo "2360"]
[BlackElo "2120"]
[PlyCount "47"]
[EventDate "2023.09.26"]
[EventType "swiss (blitz)"]
[EventRounds "11"]
[EventCountry "USA"]
[SourceTitle "EXT 2024"]
[Source "ChessBase"]
[SourceDate "2023.10.10"]
[SourceVersion "1"]
[SourceVersionDate "2023.10.10"]
[SourceQuality "1"]

1. e4 c5 2. Nf3 d6 3. d4 cxd4 4. Nxd4 Nf6 5. Nc3 a6 6. Bg5 e6 7. Qe2 Be7 8. h4 0-0 9. 0-0-0 Qc7 10. g4 b5 11. a3 Nbd7 12. Bd2 Rb8 13. g5 Ne8 14. h5 Ne5 15. f4 Nc4 16. g6 b4 17. Qxc4 bxc3 18. Bxc3 d5 19. Qxc7 Nxc7 20. gxh7+ Kxh7 21. e5 f5 22. exf6 Bxf6 23. Bd3+ Kh6 24. Rdg1 1-0

[Event "Titled Tuesday intern op 26th Sep Late"]
[Site "Chess.com INT"]
[Date "2023.09.26"]
[Round "8"]
[White "Ibadov, Dashgyn"]
[Black "Nigalidze, Gaioz"]
[Result "0-1"]
[WhiteElo "2360"]
[BlackElo "2421"]
[PlyCount "74"]
[EventDate "2023.09.26"]
[EventType "swiss (blitz)"]
[EventRounds "11"]
[EventCountry "USA"]
[SourceTitle "EXT 2024"]
[Source "ChessBase"]
[SourceDate "2023.10.10"]
[SourceVersion "1"]
[SourceVersionDate "2023.10.10"]
[SourceQuality "1"]

1. e4 c5 2. Nf3 d6 3. d4 cxd4 4. Nxd4 Nf6 5. Nc3 a6 6. Bg5 e6 7. Qe2 h6 8. Bh4 Nbd7 9. 0-0-0 Qc7 10. f4 Be7 11. g4 g5 12. fxg5 Nh7 13. Kb1 hxg5 14. Bg3 Ne5 15. Bg2 Nf6 16. h4 gxh4 17. Bxh4 Bd7 18. g5 Ng8 19. Bg3 Rxh1 20. Bxh1 0-0-0 21. Bf4 Bf8 22. Nf3 Nc4 23. Rd4 Nb6 24. Be3 Bc6 25. Rb4 Nd7 26. Nd4 d5 27. Nxc6 Bxb4 28. Nxb4 Qd6 29. Nbxd5 exd5 30. exd5 Re8 31. Qd2 Qe5 32. Bf2 Ne7 33. a3 Nf5 34. Ka2 Nd6 35. Qd3 Qf5 36. Qd4 Kc7 37. Qc4+ Nxc4 0-1

[Event "Titled Tuesday intern op 19th Sep Late"]
[Site "Chess.com INT"]
[Date "2023.09.19"]
[Round "1"]
[White "Feliz Dotel, Dewar Bienvenido"]
[Black "Ibadov, Dashgyn"]
[Result "0-1"]
[WhiteElo "2035"]
[BlackElo "2360"]
[PlyCount "114"]
[EventDate "2023.09.19"]
[EventType "swiss (blitz)"]
[EventRounds "11"]
[EventCountry "USA"]
[SourceTitle "EXT 2024"]
[Source "ChessBase"]
[SourceDate "2023.10.10"]
[SourceVersion "1"]
[SourceVersionDate "2023.10.10"]
[SourceQuality "1"]

1. d4 d5 2. e3 Nf6 3. Nf3 c5 4. dxc5 Nc6 5. Bb5 e6 6. 0-0 Bxc5 7. a3 0-0 8. b4 Bd6 9. Bb2 a6 10. Bxc6 bxc6 11. c4 a5 12. c5 Bc7 13. Ne5 Ba6 14. Re1 Bxe5 15. Bxe5 axb4 16. axb4 Nd7 17. Bd6 Re8 18. Nc3 Bc4 19. Rxa8 Qxa8 20. Qa1 Qb7 21. Qb2 Ra8 22. Ra1 f6 23. Rxa8+ Qxa8 24. h3 Qa6 25. Qc2 g6 26. Qa4 Kf7 27. Qxa6 Bxa6 28. f3 e5 29. Kf2 Ke6 30. Ke1 d4 31. exd4 exd4 32. Nb1 Kd5 33. Na3 Ne5 34. Bxe5 fxe5 35. Kd2 Bf1 36. g3 Bxh3 37. Ke2 Bc8 38. Kf2 Ba6 39. Ke1 e4 40. fxe4+ Kxe4 41. Kd2 h5 42. b5 cxb5 43. c6 Kd5 44. c7 Kc6 45. Nxb5 Kxb5 46. Kd3 Kc6+ 47. Kxd4 Kxc7 48. Ke5 Be2 49. Kf6 Bg4 50. Kxg6 Kd6 51. Kg5 Ke5 52. Kh4 Ke4 53. Kg5 Kf3 54. Kh4 Kg2 55. Kg5 Kxg3 56. Kf6 h4 57. Ke5 h3 0-1

[Event "Titled Tuesday intern op 19th Sep Late"]
[Site "Chess.com INT"]
[Date "2023.09.19"]
[Round "11"]
[White "Fiorito, Joaquin"]
[Black "Ibadov, Dashgyn"]
[Result "1-0"]
[WhiteElo "2399"]
[BlackElo "2360"]
[PlyCount "95"]
[EventDate "2023.09.19"]
[EventType "swiss (blitz)"]
[EventRounds "11"]
[EventCountry "USA"]
[SourceTitle "EXT 2024"]
[Source "ChessBase"]
[SourceDate "2023.10.10"]
[SourceVersion "1"]
[SourceVersionDate "2023.10.10"]
[SourceQuality "1"]

1. d4 Nf6 2. c4 c5 3. d5 d6 4. Nc3 g6 5. e4 Bg7 6. Nf3 0-0 7. h3 e6 8. Bd3 exd5 9. exd5 Re8+ 10. Be3 Rxe3+ 11. fxe3 Qe7 12. 0-0 Nbd7 13. Qd2 Nh5 14. Rae1 Ng3 15. Rf2 Ne5 16. Nxe5 Bxe5 17. Rf3 g5 18. Qf2 Nh5 19. Rf1 f6 20. g4 Ng7 21. Ne4 Ne8 22. Nxg5 h6 23. Ne4 Bd7 24. Ng3 Ng7 25. Nf5 Nxf5 26. Bxf5 Be8 27. Be6+ Kg7 28. Qg2 b5 29. h4 Bg6 30. g5 hxg5 31. hxg5 fxg5 32. Bf5 Bh5 33. Rh3 Rh8 34. Bg4 Bg6 35. Rxh8 Kxh8 36. Bf5 Bf7 37. Qh3+ Kg7 38. Qh7+ Kf8 39. Be6 Bf6 40. Qxf7+ Qxf7 41. Bxf7 Kxf7 42. cxb5 Kg6 43. b3 g4 44. Kg2 Bg5 45. e4 Bf6 46. Kg3 Kg5 47. Rf5+ Kg6 48. Kxg4 1-0

[Event "Titled Tuesday intern op 19th Sep Late"]
[Site "Chess.com INT"]
[Date "2023.09.19"]
[Round "8"]
[White "Hua, Lefong"]
[Black "Ibadov, Dashgyn"]
[Result "0-1"]
[WhiteElo "2305"]
[BlackElo "2360"]
[PlyCount "102"]
[EventDate "2023.09.19"]
[EventType "swiss (blitz)"]
[EventRounds "11"]
[EventCountry "USA"]
[SourceTitle "EXT 2024"]
[Source "ChessBase"]
[SourceDate "2023.10.10"]
[SourceVersion "1"]
[SourceVersionDate "2023.10.10"]
[SourceQuality "1"]

1. d4 Nf6 2. c4 c5 3. d5 d6 4. Nc3 g6 5. e4 Bg7 6. f4 0-0 7. Nf3 e6 8. Be2 exd5 9. cxd5 b5 10. e5 dxe5 11. fxe5 Ng4 12. Bg5 Qb6 13. 0-0 Bb7 14. d6 c4+ 15. Kh1 Nxe5 16. Nd5 Bxd5 17. Qxd5 Nbd7 18. Be7 Qc6 19. Rad1 Qxd5 20. Rxd5 a6 21. Bxf8 Kxf8 22. Ng5 h6 23. Ne6+ Kg8 24. Nxg7 Kxg7 25. Re1 Re8 26. Bf1 f5 27. Rdd1 Kf6 28. Kg1 Rc8 29. h3 g5 30. Kf2 f4 31. g3 b4 32. gxf4 gxf4 33. Rd4 c3 34. bxc3 bxc3 35. Rxf4+ Ke6 36. Bxa6 Ra8 37. Bc4+ Kxd6 38. Bb3 Nd3+ 39. Ke3 Nxe1 40. Rd4+ Kc7 41. Rc4+ Kb6 42. Rxc3 Nc5 43. Rc4 Re8+ 44. Kf2 Ned3+ 45. Kg3 Re3+ 46. Kg2 Ne5 47. Rh4 Ne4 48. Rxh6+ Kc5 49. Rh8 Re2+ 50. Kg1 Nf3+ 51. Kf1 Ng3# 0-1

[Event "Titled Tuesday intern op 19th Sep Late"]
[Site "Chess.com INT"]
[Date "2023.09.19"]
[Round "6"]
[White "Ibadov, Dashgyn"]
[Black "Goryachkina, Aleksandra"]
[Result "0-1"]
[WhiteElo "2360"]
[BlackElo "2558"]
[PlyCount "68"]
[EventDate "2023.09.19"]
[EventType "swiss (blitz)"]
[EventRounds "11"]
[EventCountry "USA"]
[SourceTitle "EXT 2024"]
[Source "ChessBase"]
[SourceDate "2023.10.10"]
[SourceVersion "1"]
[SourceVersionDate "2023.10.10"]
[SourceQuality "1"]

1. e4 c6 2. d4 d5 3. exd5 cxd5 4. Bd3 Nc6 5. c3 Nf6 6. h3 g6 7. Nf3 Bf5 8. Be2 Qc7 9. 0-0 Bg7 10. Be3 0-0 11. Nbd2 Rad8 12. Qc1 h6 13. Re1 g5 14. Nb3 Bg6 15. Bf1 Ne4 16. c4 Qd7 17. cxd5 Nb4 18. Ne5 Bxe5 19. dxe5 Qxd5 20. Bc4 Qxe5 21. f3 Qg3 22. fxe4 Bxe4 23. Re2 Rc8 24. Nd2 Bxg2 25. Qe1 Qxh3 26. Rxg2 Nc2 27. Qg3 Qxg3 28. Rxg3 Nxa1 29. b3 a6 30. Bd4 Nc2 31. Bb2 Nb4 32. a3 Nc6 33. Ne4 Rfd8 34. Rf3 e6 0-1

[Event "Titled Tuesday intern op 12th Sep Late"]
[Site "Chess.com INT"]
[Date "2023.09.12"]
[Round "3"]
[White "Holt, Conrad"]
[Black "Ibadov, Dashgyn"]
[Result "1-0"]
[WhiteElo "2540"]
[BlackElo "2360"]
[PlyCount "65"]
[EventDate "2023.09.12"]
[EventType "swiss (blitz)"]
[EventRounds "11"]
[EventCountry "USA"]
[SourceTitle "EXT 2024"]
[Source "ChessBase"]
[SourceDate "2023.10.10"]
[SourceVersion "1"]
[SourceVersionDate "2023.10.10"]
[SourceQuality "1"]

1. d4 d5 2. c4 e6 3. Nc3 c6 4. e3 Nf6 5. Bd3 Nbd7 6. e4 dxe4 7. Nxe4 c5 8. Nf3 Be7 9. 0-0 0-0 10. Qc2 h6 11. Rd1 Qc7 12. Nc3 a6 13. h3 cxd4 14. Nxd4 b6 15. b3 Bb7 16. Bb2 Ne5 17. Bf1 Rad8 18. Qe2 Ng6 19. Qe3 Bc5 20. Na4 e5 21. Qg3 Ne4 22. Qh2 Nf4 23. Nxc5 Qxc5 24. a3 Nxh3+ 25. Qxh3 exd4 26. b4 Qg5 27. Rxd4 Rxd4 28. Bxd4 Rd8 29. Qe3 Qf5 30. Bxb6 Rd2 31. f3 Ng3 32. Qxd2 Nxf1 33. Rxf1 1-0

[Event "Titled Tuesday intern op 12th Sep Early"]
[Site "Chess.com INT"]
[Date "2023.09.12"]
[Round "5"]
[White "Ibadov, Dashgyn"]
[Black "Galaktionov, Artem"]
[Result "0-1"]
[WhiteElo "2360"]
[BlackElo "2321"]
[PlyCount "28"]
[EventDate "2023.09.12"]
[EventType "swiss (blitz)"]
[EventRounds "11"]
[EventCountry "USA"]
[SourceTitle "EXT 2024"]
[Source "ChessBase"]
[SourceDate "2023.10.10"]
[SourceVersion "1"]
[SourceVersionDate "2023.10.10"]
[SourceQuality "1"]

1. e4 c6 2. d4 g6 3. Nc3 d6 4. f4 Bg7 5. Nf3 Nd7 6. Bd3 e5 7. dxe5 dxe5 8. f5 Ngf6 9. 0-0 0-0 10. Kh1 Nc5 11. Nxe5 Re8 12. Nxf7 Kxf7 13. e5 Nxd3 14. exf6 Nf2+ 0-1

[Event "Titled Tuesday intern op 12th Sep Late"]
[Site "Chess.com INT"]
[Date "2023.09.12"]
[Round "11"]
[White "Ibadov, Dashgyn"]
[Black "Kovalevsky, Stanislav"]
[Result "0-1"]
[WhiteElo "2360"]
[BlackElo "2163"]
[PlyCount "68"]
[EventDate "2023.09.12"]
[EventType "swiss (blitz)"]
[EventRounds "11"]
[EventCountry "USA"]
[SourceTitle "EXT 2024"]
[Source "ChessBase"]
[SourceDate "2023.10.10"]
[SourceVersion "1"]
[SourceVersionDate "2023.10.10"]
[SourceQuality "1"]

1. e4 c6 2. d4 d5 3. exd5 cxd5 4. Bd3 Nf6 5. h3 Nc6 6. c3 g6 7. Nf3 Bf5 8. Be2 Bg7 9. Bf4 0-0 10. 0-0 Re8 11. Nbd2 Nd7 12. Re1 e5 13. dxe5 Ndxe5 14. Nxe5 Nxe5 15. Bb5 Re6 16. Nf3 Nxf3+ 17. Qxf3 Be4 18. Qg3 Qb6 19. a4 a6 20. Be3 d4 21. cxd4 Bd5 22. Bf1 Qxb2 23. Qg5 Bc6 24. Bc4 Re4 25. Rab1 Qa3 26. Bb3 Rae8 27. Red1 Bxa4 28. Bxf7+ Kxf7 29. Rxb7+ R4e7 30. Qd5+ Kf8 31. Bf4 Bxd1 32. Bd6 Bb3 33. Bxe7+ Qxe7 34. Qf3+ Qf6 0-1

[Event "Titled Tuesday intern op 12th Sep Early"]
[Site "Chess.com INT"]
[Date "2023.09.12"]
[Round "3"]
[White "Mirzanurov, Bulat"]
[Black "Ibadov, Dashgyn"]
[Result "0-1"]
[WhiteElo "2232"]
[BlackElo "2360"]
[PlyCount "72"]
[EventDate "2023.09.12"]
[EventType "swiss (blitz)"]
[EventRounds "11"]
[EventCountry "USA"]
[SourceTitle "EXT 2024"]
[Source "ChessBase"]
[SourceDate "2023.10.10"]
[SourceVersion "1"]
[SourceVersionDate "2023.10.10"]
[SourceQuality "1"]

1. e4 e5 2. Nf3 Nc6 3. Bc4 Nf6 4. d3 h6 5. 0-0 d6 6. c3 g6 7. Re1 Bg7 8. d4 Qe7 9. d5 Nb8 10. Bb5+ c6 11. dxc6 bxc6 12. Bc4 0-0 13. b3 Nbd7 14. Ba3 c5 15. Nbd2 Bb7 16. Qc2 Nb6 17. Nf1 Nxc4 18. bxc4 Qe6 19. Qd3 Bc6 20. N3d2 Nh5 21. Ne3 Nf4 22. Qf1 f5 23. g3 fxe4 24. gxf4 exf4 25. Nd5 e3 26. fxe3 fxe3 27. Rxe3 Rxf1+ 28. Rxf1 Qg4+ 29. Rg3 Qe2 30. Rf2 Qe1+ 31. Kg2 Rf8 32. Rff3 Qxd2+ 33. Kh1 Rxf3 34. Rxf3 Bxd5 35. cxd5 Qxd5 36. Kg2 Qxa2+ 0-1